|
|
|
|
| LEADER |
00000nab#a22000007a#4500 |
| 001 |
arbauad036509 |
| 003 |
AR-BaUAD |
| 005 |
20250711112901.0 |
| 008 |
990426|||||||||###||||||b###|0###a|spa|| |
| 040 |
|
|
|a AR-BaUAD
|c AR-BaUAD
|b spa
|
| 100 |
|
|
|a Vandervilt, Tom
|
| 245 |
|
|
|a The learning curve /
|c Tom Vandervilt;
|
| 300 |
0 |
|
|b fot.
|
| 653 |
|
|
|a INVESTIGACION
|
| 653 |
|
|
|a EDUCACION
|
| 653 |
|
|
|a PEDAGOGIA
|
| 653 |
|
|
|a INFORMATICA
|
| 653 |
|
|
|a COMPUTACION
|
| 773 |
0 |
|
|t I.D.
|g [mar.-abr. 1999], p. 82-87
|
| 942 |
|
|
|c ARTI
|
| 952 |
|
|
|0 0
|1 0
|4 0
|7 0
|9 81428
|a AR-BAuAD
|b AR-BAuAD
|d 2025-07-11
|l 0
|p AAQA036509
|r 2025-07-11 11:29:01
|w 2025-07-11
|y ARTI
|
| 990 |
|
|
|a F199
|b TD
|
| 998 |
|
|
|a AAQ
|b BIBUN76
|
| 999 |
|
|
|c 61101
|d 61101
|